000 00995nam a2200301 a 4500
001 000017779
003 DO-SdBNP
005 20230725114549.0
007 ta
008 100331s2018 dr a 000 0 spa d
020 _a9789945613018
040 _aDO-SdBNP
_bspa
_cBPMSU
082 4 _aRD863.44
_bV443d 2018
_222
100 1 _aVeloz Maggiolo, Marcio,
_d1936-2021
100 z _a Maggiolo, Marcio Veloz
245 1 0 _aDe abril en adelante :
_bprotonovela /
_cMarcio Veloz Maggiolo ; presentación Orlando Cordero
250 _a2a ed.
260 _aSanto Domingo :
_bArchivo General de la Nación,
_c2018.
300 _a310 p. :
_c23 cm.
490 0 _aArchivo General de la Nación ;
_v346
500 _aIncluye datos biográficos del autor en las solapas.
590 _aInventariado, 2023/VM
650 4 _aNovela historica dominicana
650 4 _aLiteratura dominicana
700 1 _aCordero, Orlando
_epresentación
910 _aVMateo V. Control de calidad. BPMSU
942 _2ddc
_cBK
999 _c14447
_d14447